00709cam a22002291 4500001001300000003000400013005001700017008004100034010001700075025002000092035001900112040002500131042001200156050002100168100003500189245014000224250001400364260004600378300002300424650001500447999001700462sa 66001892 DLC20260227112225.0770603s1965 ii 000 0 eng  asa 66001892  aPL480: I-E-4897 a(OCoLC)3014964 aDLCcMoUdOCoLCdDLC apremarc00aHX394b.N38 19651 aNehru, Jawaharlal,d1889-1964.10aCongressmen's primer for socialism;ca compilation compiled by H. D. Malaviya. Foreword by Indira Gandhi. Introd. by Gulzari Lal Nanda. a[1st ed.] aNew Delhi,bSocialist Congressmanc[1965] aix, 199 p.c22 cm. 0aSocialism. c68052d68052